Study Guide for use with Introduction to Management Science
Salvato in:
| Autore principale: | |
|---|---|
| Natura: | Libro |
| Lingua: | inglese |
| Pubblicazione: |
Homewood
Irwin
1989
|
| Edizione: | 1. ed. |
| Soggetti: | |
| Tags: |
Nessun Tag, puoi essere il primo ad aggiungerne!!
|
MARC
| LEADER | 00000nam a2200000 4500 | ||
|---|---|---|---|
| 001 | c000315 | ||
| 005 | 20221215114512.5 | ||
| 020 | |a 0-256-03661-6 | ||
| 041 | 0 | |a eng | |
| 044 | |a US | ||
| 245 | 1 | 0 | |a Study Guide for use with Introduction to Management Science |c William J. Stevenson |
| 250 | |a 1. ed. | ||
| 264 | 1 | |a Homewood |b Irwin |c 1989 | |
| 300 | |a 284 s. | ||
| 610 | 2 | 0 | |a manažment |
| 610 | 2 | 0 | |a riadenie |
| 610 | 2 | 0 | |a veda o riadení |
| 610 | 2 | 0 | |a programovanie lineárne |
| 610 | 2 | 0 | |a metóda simplexová |
| 610 | 2 | 0 | |a úlohy dopravné |
| 610 | 2 | 0 | |a programovanie celočíselné |
| 610 | 2 | 0 | |a simulácia stochastická |
| 610 | 2 | 0 | |a modely |
| 610 | 2 | 0 | |a štatistika |
| 610 | 2 | 0 | |a pravdepodobnosť |
| 610 | 2 | 0 | |a teória rozhodovania |
| 610 | 2 | 0 | |a prognózovanie |
| 610 | 2 | 0 | |a modely zásob |
| 610 | 2 | 0 | |a analýza sieťová |
| 610 | 2 | 0 | |a metóda PERT |
| 610 | 2 | 0 | |a metóda kritickej cesty |
| 610 | 2 | 0 | |a teória obsluhy hromadnej |
| 610 | 2 | 0 | |a reťazce Markovove |
| 610 | 2 | 0 | |a systémy informačné |
| 100 | 1 | |a Stevenson, William J. | |